| 000 | 00629nam a22001697a 4500 | ||
|---|---|---|---|
| 003 | OSt | ||
| 005 | 20171010095507.0 | ||
| 008 | 120810t xxu||||| |||| 00| 0 eng d | ||
| 040 |
_aMMSU _cULS |
||
| 100 |
_aGarces, Len R. _911944 |
||
| 245 |
_aNatural diet, feeding and growth in captivity of the spiny lobster, Panulirus longipes (A.Milne-Edwards) (Decapoda: Palinuridae) _cLen R. Garces |
||
| 260 | _c1988 | ||
| 300 |
_aviii, 61 leaves _c28 cm. |
||
| 500 | _aThesis (MS Marine Biology) -- University of the Philippines-College of Science, Diliman, Quezon City | ||
| 504 | _aBibliography: leaves 26-28 | ||
| 942 |
_2ddc _cTHEDIS |
||
| 999 |
_c9688 _d9688 |
||